| 000 | 00439nam a2200193Ia 4500 | ||
|---|---|---|---|
| 999 |
_c56668 _d56668 |
||
| 003 | 0100 | ||
| 005 | 20170727100147.0 | ||
| 008 | 130303s9999 xx 000 0 und d | ||
| 040 | _cARRUPELIB | ||
| 050 | _aB808.5.P3 1949a | ||
| 100 |
_aPap, Arthur _933629 |
||
| 245 | _aElements of analytic philosophy | ||
| 260 |
_bHafner Publishing Company _aNew York _c1949 |
||
| 300 | _a542p. | ||
| 300 | _b 22cm. | ||
| 650 |
_aPHILOSOPHY _933631 |
||
| 942 | 0 | 0 |
_02 _2lcc _cMONOGRAPH |